| 000 | 00359 a2200145 4500 | ||
|---|---|---|---|
| 005 | 20250623121957.0 | ||
| 020 | _a0-471-03587-4 | ||
| 082 | _aLM 620.104 GIN | ||
| 100 | _aGINSBERG, J. H. | ||
| 245 | _aDynamics | ||
| 260 |
_aNew York, _bJohn Wiley & Sons, _c1977. |
||
| 300 |
_axi, 558p.: ill.; figure. _bIndex _c23cm. |
||
| 700 | _aGENIN, J. | ||
| 942 |
_2ddc _cBKS |
||
| 999 |
_c4185 _d4185 |
||